Straight Up Trivia #24: James Bond Films Part 3 - Statistics

General Stats
  • This quiz has been taken 8 times
  • The average score is 6 of 13
Answer Stats
Hint Answer % Correct
Die Another Day, 2002. What is the sum of all numbers on a octahedral die? 36
71%
The World Is Not Enough, 1999. What swamp world was not enough to contain Yoda's spirit after he died? Dagobah
71%
Spectre, 2015. The theme song of Spectre was sung by what self-described genderqueer singer? The singer reached #1 on the Billboard Hot 100 for a different song- a duet with a transgender singer. Sam Smith
71%
Casino Royale, 2006. In Casino Royale, Bond plays a high-stakes game of Texas hold 'em against the villain Le Chiffre. What non-poker casino game did Bond play in Ian Fleming's book Casino Royale? Baccarat
57%
Skyfall, 2012. Skyfall was the first Bond film directed by what director? He won the Oscar for Best Director for American Beauty and was also nominated for Best Director for the film 1917. Sam Mendes
57%
Barbie
43%
Billie Eilish
43%
Quantum of Solace, 2008. What is the term for the phenomenon where the quantum state of each particle in a group cannot be described independently of the state of the others, even when the particles are separated by a large distance? Entanglement
43%
Tomorrow Never Dies, 1997. Reincarnation is a tenet of what religion whose three main pillars are nonviolence (ahimsa), asceticism (aparigraha), and rejection of simplistic truth (anekantavada)? Jainism
43%
No Time To Die, 2021. In what category did No Time To Die win its one and only one Oscar? The same two individuals who won that Oscar won in the same category two years later. Bonus: Name the two individuals. Double Bonus: Name the other movie. Best Original Song
29%
Finneas O'Connell
29%
GoldenEye, 1995. GoldenEye was the first Bond film with Judi Dench playing M. Dench started her professional acting career playing what Shakespearean character, daughter of Polonius and sister of Laertes? Ophelia
29%
Bonus question: No Time To Die was the fourth highest grossing film in 2021. What film was the highest grossing film of 2021, grossing more than double the second place film? It is the third film in a trilogy. Spiderman: No Way Home
14%
No matching quizzes found
Score Distribution
Percent of People with Each Score
Percentile by Number Answered
Your Score History
You have not taken this quiz